000
00359nam a2200121Ia 4500
003
GCL
008
140319s9999 xx 000 0 ara d
040
_a
GCL /
_c
GCL
082
0
4
_a
ط
_b
372.72
_b
د ك
100
1
_a
دار الشروق
245
1
0
_a
كلمة تبدأ بحرف M /
_c
دار الشروق
490
_a
الهيئة العامة للاستعلامات
_v
0
999
_c
51211
_d
51211